banner-ar

عبدالكريم بن محمد السمعانى فى كتابه ادب الاملاء والاستملاء / (Record no. 66682)

MARC details
000 -الفاتح
حقل البيانات ثابتة الطول 01170nam a22002177a 4500
005 - وقت وتاريخ اخر تعامل مع التسجيلة
رقم الضبط 20240530110933.0
008 - عناصر البيانات ثابتة الطول - معلومات عامة
حقل البيانات ثابتة الطول 220221s1996 ua a g b 000 0 ara d
040 ## - مصدر الفهرسة
وكالة الفهرسة الأصلية EG-CaGPL
وكالة النسخ EG-CaGPL
082 04 - رقم تصنيف ديوى العشرى
رقم الطبعة 21
رقم التصنيف 370.193/
رقم المادة س ع
100 1# - المدخل الرئيسى - إسم شخصى
الإسم الشخصى السمعانى : تاج الاسلام ابو سعيد عبدالكريم بن محمد بن ابى المظفر منصور بن محمد التميمى
245 10 - بيان العنوان
العنوان عبدالكريم بن محمد السمعانى فى كتابه ادب الاملاء والاستملاء /
بيان المسئوليه,etc السمعانى : تاج الاسلام ابو سعيد عبدالكريم بن محمد بن ابى المظفر منصور بن محمد التميمى ؛ تحقيق شفيق محمد زيعور
250 ## - بيان الطبعة
بيان الطبعة ط.1
260 ## - PUBLICATION, DISTRIBUTION, ETC. (IMPRINT)
تاريخ النشر أو التوزيع 1984
300 ## - الوصف المادى
التعداد 268 ص؛
أبعاد الوعاء 24 سم
490 0# - بيان السلسلة
عنوان السلسلة موسوعة التربية والتعليم الاسلامية
600 0# - المدخل الاضافى بالموضوع-اسم شخصى
الإسم الشخصى عبدالكريم السمعانى
650 07 - المدخل الاضافى بالموضوع-مصطلح موضوعى
مصطلح موضوعي اللغة العربية
مصدر الرأس أو المصطلح qrmak
650 07 - المدخل الاضافى بالموضوع-مصطلح موضوعى
مصطلح موضوعي اداب المجالس
مصدر الرأس أو المصطلح qrmak
942 ## - عناصر المدخل الإضافي( كوها)
مصدر التصنيف او مخطط الترفيف Dewey Decimal Classification
Koha [default] item type كتاب
260 ## - PUBLICATION, DISTRIBUTION, ETC. (IMPRINT)
-- بيروت :
-- دار اقرأ للنشر والتوزيع والطباعة،
Holdings
حالة التراجع حالة الفقد حالة تلف ليس للاعارة المكان المؤقت الموقع الحالى موقع الترفيف تاريخ الاكتساب اجمالي اﻻعارات رقم الطلب الباركود تاريخ اخر مشاهدة تاريخ تفعيل السعر نوع وعاء كوها
        مكتبة القاهرة الكبرى مكتبة القاهرة الكبرى ق الرئيسية_العلوم الاجتماعية_ك عربى 09/13/2022   370.193/ س ع 168453 09/13/2022 09/13/2022 كتاب

Powered By

EGPV